000 00990nam a2200289 i 4500
999 _c65275
_d65275
001 768714001
003 CO-MdFUSB
005 20191001165524.0
008 191001t2012 ag |||| |||| 00| 0 spa d
020 _a9789876273350
040 _aCO-MdFUSB
_bspa
_cCO-MdFUSB
_dCO-MdFUSBC
_erda
041 _aspa
082 _223
_a158.1
_bSA194
100 _aSánchez, María Isabel.
_eautor
245 _aHombres o machos :
_b¿qué preferimos las mujeres?
_c/ María Isabel Sánchez.
264 1 _aBuenos Aires :
_bEdiciones B,
_c[2012]
264 4 _c© 2012
300 _a198 páginas
_c; 23 cm
336 _2rdacontent
_atexto
_btxt
337 _2rdamedia
_asin mediación
_bn
338 _2rdacarrier
_avolumen
_bnc
505 _aEl conquistador. -- El baboso. -- El infiel. -- El avaro. -- El transgresor. -- El indiferente. -- El ególatra. -- El maltratador. -- El cínico. -- El psicópata.
563 _aRústico
653 _aSuperación personal
942 _cBK
945 _aJTF-925